[Event "High League 2022 women"]
[Site "Obninsk"]
[Date "2022.07.02"]
[Round "6.14"]
[White "Pogorelskikh, Sofia"]
[Black "Borisova, Ekaterina"]
[Result "0-1"]
[LiveChessVersion "1.4.7"]
[BlackElo "2233"]
[WhiteElo "2138"]

1. e4 {[%clk 1:30:57]} e5 {[%clk 1:30:57]} 2. Nf3 {[%clk 1:31:20]} Nc6
{[%clk 1:31:23]} 3. Bb5 {[%clk 1:31:44]} a6 {[%clk 1:31:48]} 4. Ba4
{[%clk 1:32:06]} b5 {[%clk 1:32:15]} 5. Bb3 {[%clk 1:32:28]} Na5 {[%clk 1:32:43]}
6. d4 {[%clk 1:27:35]} exd4 {[%clk 1:32:56]} 7. Qxd4 {[%clk 1:26:23]} Bb7
{[%clk 1:30:23]} 8. Bg5 {[%clk 1:20:39]} f6 {[%clk 1:27:25]} 9. Bxg8
{[%clk 1:19:30]} Rxg8 {[%clk 1:19:01]} 10. Bf4 {[%clk 1:14:38]} c5
{[%clk 1:18:05]} 11. Qd1 d5 {[%clk 1:10:06]} 12. exd5 {[%clk 1:02:12]} Qe7+
{[%clk 1:08:21]} 13. Be3 {[%clk 0:43:53]} Nc4 {[%clk 1:07:52]} 14. d6
{[%clk 0:42:16]} Qxd6 {[%clk 1:07:28]} 15. Qxd6 {[%clk 0:38:59]} Bxd6
{[%clk 1:07:44]} 16. Bc1 {[%clk 0:38:49]} O-O-O {[%clk 1:05:02]} 17. O-O
{[%clk 0:38:28]} Rge8 {[%clk 1:05:19]} 18. Nc3 {[%clk 0:34:44]} Bc6
{[%clk 0:58:19]} 19. Nd1 {[%clk 0:31:20]} Bxf3 {[%clk 0:50:24]} 20. gxf3
{[%clk 0:31:37]} Re2 {[%clk 0:50:38]} 21. b3 {[%clk 0:18:46]} Be5
{[%clk 0:47:53]} 22. c3 Nd2 {[%clk 0:47:26]} 23. Bxd2 {[%clk 0:15:19]} Rdxd2
{[%clk 0:44:02]} 24. a4 {[%clk 0:15:09]} Ra2 {[%clk 0:42:27]} 25. Rxa2
{[%clk 0:14:56]} Rxa2 {[%clk 0:42:53]} 26. axb5 {[%clk 0:15:14]} axb5
{[%clk 0:43:20]} 27. c4 {[%clk 0:13:34]} b4 {[%clk 0:43:13]} 28. Ne3
{[%clk 0:12:50]} Rb2 {[%clk 0:42:23]} 29. Ra1 {[%clk 0:08:05]} Rxb3
{[%clk 0:38:56]} 30. Ra5 {[%clk 0:08:05]} Bd4 {[%clk 0:39:03]} 31. Kf1
{[%clk 0:07:18]} Rb1+ {[%clk 0:35:12]} 32. Ke2 {[%clk 0:06:52]} b3
{[%clk 0:35:37]} 33. Rb5 {[%clk 0:06:04]} b2 {[%clk 0:35:49]} 34. Nc2
{[%clk 0:03:41]} Kc7 {[%clk 0:35:28]} 35. Nxd4 {[%clk 0:00:45]} cxd4
{[%clk 0:35:52]} 36. h4 {[%clk 0:00:36]} h5 {[%clk 0:35:13]} 37. f4
{[%clk 0:00:37]} Kd6 {[%clk 0:33:26]} 38. Rd5+ {[%clk 0:00:32]} Kc6
{[%clk 0:33:52]} 39. Rb5 {[%clk 0:00:53]} f5 {[%clk 0:33:23]} 40. Rb8
{[%clk 0:30:40]} Kc5 {[%clk 1:03:36]} 41. f3 {[%clk 0:30:45]} Kxc4
{[%clk 1:01:44]} 42. Rc8+ {[%clk 0:31:00]} Kd5 {[%clk 1:02:09]} 43. Rb8
{[%clk 0:31:07]} Kc6 {[%clk 1:02:26]} 44. Kd3 {[%clk 0:28:58]} Rd1+
{[%clk 1:02:18]} 45. Kc2 {[%clk 0:29:22]} b1=Q+ {[%clk 1:02:40]} 46. Rxb1
{[%clk 0:29:48]} Rxb1 {[%clk 1:03:07]} 47. Kxb1 {[%clk 0:30:14]} Kb5
{[%clk 1:03:30]} 48. Kc2 {[%clk 0:30:26]} Kc4 {[%clk 1:03:57]} 49. Kd2
{[%clk 0:30:49]} d3 {[%clk 1:04:14]} 50. Kd1 {[%clk 0:31:05]} Kc3
{[%clk 1:04:34]} 51. Kc1 {[%clk 0:31:27]} g6 {[%clk 1:04:52]} 0-1

[Event "High League 2022 women"]
[Site "Obninsk"]
[Date "2022.07.02"]
[Round "6.15"]
[White "Kuznetsova, Marina"]
[Black "Fominykh, Maria"]
[Result "0-1"]
[LiveChessVersion "1.4.7"]
[BlackElo "2219"]
[WhiteElo "2043"]

1. e4 {[%clk 1:30:58]} g6 {[%clk 1:30:55]} 2. d4 {[%clk 1:31:17]} Bg7
{[%clk 1:31:22]} 3. Nc3 {[%clk 1:31:40]} d6 {[%clk 1:31:47]} 4. f4
{[%clk 1:31:59]} a6 {[%clk 1:31:48]} 5. Nf3 {[%clk 1:32:03]} b5 {[%clk 1:32:13]}
6. Bd3 {[%clk 1:32:08]} Bb7 {[%clk 1:32:10]} 7. e5 {[%clk 1:29:17]} Nh6
{[%clk 1:32:03]} 8. O-O {[%clk 1:26:45]} O-O {[%clk 1:30:11]} 9. Qe1
{[%clk 1:20:40]} Nd7 {[%clk 1:13:01]} 10. f5 {[%clk 1:09:07]} dxe5
{[%clk 1:09:13]} 11. Bxh6 {[%clk 0:46:00]} Bxh6 {[%clk 1:09:29]} 12. dxe5
{[%clk 0:46:06]} Bg7 {[%clk 0:54:01]} 13. Be4 {[%clk 0:43:18]} Bxe4
{[%clk 0:51:48]} 14. Qxe4 {[%clk 0:43:41]} gxf5 {[%clk 0:25:45]} 15. Qxf5
{[%clk 0:29:45]} Nxe5 {[%clk 0:25:16]} 16. Rad1 {[%clk 0:28:13]} Nxf3+
{[%clk 0:25:10]} 17. Qxf3 {[%clk 0:23:02]} Qb8 {[%clk 0:19:42]} 18. Rd7
{[%clk 0:22:32]} Qb6+ {[%clk 0:18:27]} 19. Kh1 {[%clk 0:22:49]} Qe6
{[%clk 0:13:05]} 20. Rfd1 {[%clk 0:09:05]} c6 {[%clk 0:12:44]} 21. a3
{[%clk 0:05:05]} Rfe8 {[%clk 0:06:34]} 22. Qg3 {[%clk 0:01:08]} Kh8
{[%clk 0:04:23]} 23. Qh4 {[%clk 0:00:37]} Bf6 {[%clk 0:04:00]} 24. Qh5
{[%clk 0:00:34]} Rg8 {[%clk 0:03:27]} 25. R7d3 {[%clk 0:00:37]} Qg4
{[%clk 0:02:36]} 26. Qxg4 {[%clk 0:00:34]} Rxg4 {[%clk 0:03:05]} 27. b3
{[%clk 0:00:51]} Rag8 {[%clk 0:02:09]} 28. g3 {[%clk 0:01:12]} Be5
{[%clk 0:02:06]} 29. Re1 {[%clk 0:01:14]} Bd6 {[%clk 0:02:04]} 30. a4
{[%clk 0:00:55]} R8g6 {[%clk 0:01:54]} 31. Rf3 {[%clk 0:00:37]} Kg8
{[%clk 0:01:28]} 32. Ref1 {[%clk 0:00:56]} f6 {[%clk 0:01:16]} 33. Rd3
{[%clk 0:00:41]} h5 {[%clk 0:01:13]} 34. axb5 {[%clk 0:00:53]} axb5
{[%clk 0:01:34]} 35. Ne2 {[%clk 0:00:41]} h4 {[%clk 0:00:56]} 36. Kg2
{[%clk 0:00:48]} hxg3 {[%clk 0:01:20]} 37. hxg3 {[%clk 0:01:04]} c5
{[%clk 0:01:20]} 38. Rf5 {[%clk 0:00:36]} Kf7 {[%clk 0:00:52]} 39. Re3
{[%clk 0:00:33]} e6 {[%clk 0:00:56]} 40. Rff3 {[%clk 0:30:36]} f5
{[%clk 0:30:45]} 41. Rd3 {[%clk 0:14:22]} Ke7 {[%clk 0:30:05]} 42. Kf2
{[%clk 0:13:39]} Rh6 {[%clk 0:16:49]} 43. Kg2 {[%clk 0:10:00]} Rg5
{[%clk 0:13:45]} 44. Rd1 {[%clk 0:04:01]} e5 {[%clk 0:12:44]} 45. Rh1
{[%clk 0:02:25]} Rhg6 {[%clk 0:07:38]} 46. Rh7+ {[%clk 0:02:06]} Ke6
{[%clk 0:06:25]} 47. Re3 {[%clk 0:01:32]} e4 {[%clk 0:05:03]} 48. c4
{[%clk 0:00:35]} bxc4 {[%clk 0:03:14]} 49. bxc4 {[%clk 0:01:01]} Rg7
{[%clk 0:03:36]} 50. Rh6+ {[%clk 0:00:58]} R5g6 {[%clk 0:03:49]} 51. Rxg6+
{[%clk 0:00:35]} Rxg6 {[%clk 0:04:18]} 52. Nc3 {[%clk 0:00:34]} Bf4
{[%clk 0:03:25]} 53. Nd5 {[%clk 0:00:33]} Bxe3 {[%clk 0:03:40]} 54. Nxe3
{[%clk 0:00:50]} f4 {[%clk 0:03:45]} 55. Nf1 {[%clk 0:00:59]} Ke5
{[%clk 0:03:42]} 56. Kf2 {[%clk 0:00:55]} Rxg3 {[%clk 0:03:38]} 57. Nxg3
{[%clk 0:01:01]} fxg3+ {[%clk 0:04:07]} 0-1

[Event "High League 2022 women"]
[Site "Obninsk"]
[Date "2022.07.02"]
[Round "6.16"]
[White "Kirchei, Viktoriia"]
[Black "Dorokhina, Elizaveta"]
[Result "1-0"]
[LiveChessVersion "1.4.7"]
[BlackElo "2045"]
[WhiteElo "2159"]

1. e4 {[%clk 1:30:57]} e6 {[%clk 1:30:52]} 2. d4 {[%clk 1:31:19]} d5
{[%clk 1:31:15]} 3. Nd2 {[%clk 1:31:41]} dxe4 {[%clk 1:31:18]} 4. Nxe4
{[%clk 1:32:03]} Nf6 {[%clk 1:31:42]} 5. Bd3 {[%clk 1:30:13]} Nbd7
{[%clk 1:29:20]} 6. Qe2 {[%clk 1:30:36]} c5 {[%clk 1:15:34]} 7. Nxf6+
{[%clk 1:29:52]} Qxf6 {[%clk 1:12:30]} 8. Nf3 {[%clk 1:28:28]} h6
{[%clk 1:12:52]} 9. c3 {[%clk 1:27:07]} cxd4 {[%clk 1:12:12]} 10. Nxd4
{[%clk 1:26:41]} Bc5 {[%clk 1:11:05]} 11. Nf3 {[%clk 1:24:18]} a6
{[%clk 1:06:21]} 12. O-O {[%clk 1:12:55]} g5 13. Nd2 {[%clk 1:01:13]} Qe5
{[%clk 1:01:04]} 14. Ne4 {[%clk 0:59:37]} O-O {[%clk 0:59:36]} 15. Kh1
{[%clk 0:53:37]} f5 {[%clk 0:56:10]} 16. f4 {[%clk 0:51:46]} Qg7 {[%clk 0:56:31]}
17. Ng3 {[%clk 0:49:17]} Nf6 {[%clk 0:55:38]} 18. Bxf5 {[%clk 0:44:04]} exf5
{[%clk 0:49:07]} 19. Qc4+ {[%clk 0:44:25]} Kh7 {[%clk 0:43:17]} 20. Qxc5
{[%clk 0:44:32]} Nd7 {[%clk 0:42:05]} 21. Qf2 {[%clk 0:40:09]} g4 22. Be3
{[%clk 0:37:42]} b5 {[%clk 0:42:09]} 23. Rad1 {[%clk 0:36:09]} Qf7
{[%clk 0:39:36]} 24. Bc5 {[%clk 0:28:34]} Re8 25. Rfe1 {[%clk 0:27:46]} Bb7
{[%clk 0:36:44]} 26. Rxe8 {[%clk 0:22:35]} Rxe8 {[%clk 0:37:08]} 27. Qd4
{[%clk 0:22:20]} Bc6 {[%clk 0:36:04]} 28. Qd6 {[%clk 0:17:36]} Re6
{[%clk 0:33:12]} 29. Qc7 {[%clk 0:17:56]} Kg6 {[%clk 0:33:31]} 30. Bd6
{[%clk 0:14:54]} Bd5 31. b3 {[%clk 0:10:52]} h5 {[%clk 0:25:25]} 32. c4
{[%clk 0:08:50]} bxc4 {[%clk 0:23:20]} 33. bxc4 {[%clk 0:09:18]} Bxc4
{[%clk 0:21:56]} 34. Qd8 {[%clk 0:09:45]} Nf6 {[%clk 0:21:00]} 35. Be5
{[%clk 0:07:10]} Qe8 {[%clk 0:14:08]} 36. Qd4 {[%clk 0:06:02]} h4
{[%clk 0:10:59]} 37. Nxf5 {[%clk 0:05:25]} Kxf5 {[%clk 0:08:54]} 38. Qxc4
{[%clk 0:05:51]} Ne4 {[%clk 0:09:20]} 39. Qd3 {[%clk 0:04:50]} Qb5
{[%clk 0:08:18]} 40. Qe3 {[%clk 0:31:54]} Qc4 41. Qa7 Rg6 {[%clk 0:29:57]} 42.
Qd7+ {[%clk 0:24:42]} Qe6 {[%clk 0:30:13]} 43. Qd3 {[%clk 0:24:15]} Qxa2
{[%clk 0:28:43]} 44. Re1 {[%clk 0:24:28]} Qa4 {[%clk 0:29:10]} 45. Rxe4 1-0

[Event "High League 2022 women"]
[Site "Obninsk"]
[Date "2022.07.02"]
[Round "6.17"]
[White "Loskutova, Viktoriya"]
[Black "Satanovskaia, Evgeniia"]
[Result "0-1"]
[LiveChessVersion "1.4.7"]
[BlackElo "1837"]
[WhiteElo "2153"]

1. e4 {[%clk 1:30:59]} e6 {[%clk 1:30:56]} 2. d4 {[%clk 1:31:25]} d5
{[%clk 1:31:22]} 3. Nd2 {[%clk 1:31:51]} c5 {[%clk 1:31:49]} 4. exd5
{[%clk 1:32:17]} exd5 {[%clk 1:32:14]} 5. Ngf3 {[%clk 1:32:40]} Nc6
{[%clk 1:32:34]} 6. Bb5 {[%clk 1:33:01]} Qe7+ {[%clk 1:32:53]} 7. Be2
{[%clk 1:33:25]} Nf6 {[%clk 1:33:09]} 8. O-O {[%clk 1:33:26]} Qc7
{[%clk 1:32:45]} 9. Re1 {[%clk 1:23:45]} cxd4 {[%clk 1:26:47]} 10. Bb5+
{[%clk 1:18:27]} Be7 {[%clk 1:24:01]} 11. Nxd4 {[%clk 1:17:11]} O-O
{[%clk 1:23:17]} 12. N2f3 {[%clk 1:09:58]} Nxd4 {[%clk 1:22:49]} 13. Nxd4
{[%clk 1:05:02]} a6 {[%clk 1:20:55]} 14. Be2 {[%clk 1:01:07]} Bd6
{[%clk 1:15:53]} 15. h3 {[%clk 0:59:28]} Re8 {[%clk 1:06:19]} 16. Be3
{[%clk 0:47:55]} Rxe3 {[%clk 0:56:59]} 17. fxe3 {[%clk 0:48:23]} Bh2+
{[%clk 0:55:52]} 18. Kf1 {[%clk 0:46:21]} Bg3 {[%clk 0:33:55]} 19. Bf3
{[%clk 0:46:31]} Bxe1 {[%clk 0:34:03]} 20. Qxe1 {[%clk 0:46:55]} Qh2
{[%clk 0:31:33]} 21. Qf2 {[%clk 0:43:19]} g5 {[%clk 0:25:06]} 22. Ke2
{[%clk 0:38:01]} Qe5 {[%clk 0:19:14]} 23. Rf1 {[%clk 0:34:52]} Be6
{[%clk 0:16:32]} 24. Kd1 {[%clk 0:31:53]} Kg7 {[%clk 0:12:48]} 25. Be2
{[%clk 0:25:43]} Ne4 {[%clk 0:08:12]} 26. Qf3 {[%clk 0:24:00]} f6
{[%clk 0:05:46]} 27. Bd3 {[%clk 0:23:41]} Nc5 {[%clk 0:01:26]} 28. Bf5
{[%clk 0:16:58]} Bxf5 {[%clk 0:01:44]} 29. Nxf5+ {[%clk 0:11:27]} Kh8
{[%clk 0:01:35]} 30. Nd4 {[%clk 0:09:54]} Kg7 {[%clk 0:01:05]} 31. h4
{[%clk 0:07:18]} Ne4 {[%clk 0:01:02]} 32. Qg4 {[%clk 0:06:35]} Kh8
{[%clk 0:00:36]} 33. Qd7 {[%clk 0:05:49]} Rg8 {[%clk 0:00:34]} 34. h5
{[%clk 0:02:10]} Qg3 {[%clk 0:00:34]} 35. Ne2 {[%clk 0:01:46]} Qxe3
{[%clk 0:00:37]} 36. Qxd5 {[%clk 0:02:04]} Re8 {[%clk 0:00:36]} 37. Qd4
{[%clk 0:02:21]} Nc3+ {[%clk 0:00:32]} 38. bxc3 {[%clk 0:02:26]} Qxe2+
{[%clk 0:00:58]} 39. Kc1 {[%clk 0:02:54]} Qxf1+ {[%clk 0:01:21]} 40. Kb2
{[%clk 0:33:19]} Qb5+ {[%clk 0:31:43]} 41. Ka3 {[%clk 0:33:35]} Qe5
{[%clk 0:31:56]} 0-1

[Event "High League 2022 women"]
[Site "Obninsk"]
[Date "2022.07.02"]
[Round "6.18"]
[White "Volchkova, Alena"]
[Black "Shvedova, Alexandra"]
[Result "0-1"]
[LiveChessVersion "1.4.7"]
[BlackElo "2106"]
[WhiteElo "1823"]

1. e4 {[%clk 1:30:57]} c5 {[%clk 1:30:54]} 2. Nf3 {[%clk 1:31:21]} d6
{[%clk 1:31:19]} 3. Bb5+ {[%clk 1:31:45]} Nd7 {[%clk 1:31:38]} 4. d4
{[%clk 1:32:06]} cxd4 {[%clk 1:31:51]} 5. Qxd4 {[%clk 1:32:26]} a6
{[%clk 1:31:22]} 6. Bxd7+ {[%clk 1:32:48]} Bxd7 {[%clk 1:31:47]} 7. Nc3
{[%clk 1:33:08]} e5 {[%clk 1:31:11]} 8. Qd3 {[%clk 1:33:28]} Rc8 {[%clk 1:31:16]}
9. O-O {[%clk 1:32:27]} h6 {[%clk 1:31:09]} 10. Nd2 {[%clk 1:32:17]} Be6
{[%clk 1:29:33]} 11. a4 {[%clk 1:30:22]} Nf6 {[%clk 1:28:19]} 12. h3
{[%clk 1:27:42]} Be7 {[%clk 1:24:05]} 13. Rd1 {[%clk 1:25:04]} O-O
{[%clk 1:19:23]} 14. Nf1 {[%clk 1:22:47]} Rc4 {[%clk 1:08:49]} 15. Be3
{[%clk 1:12:24]} Qc8 {[%clk 1:02:54]} 16. Ng3 {[%clk 0:47:15]} Rd8 17. Rac1 d5
{[%clk 0:48:14]} 18. exd5 {[%clk 0:30:58]} Nxd5 {[%clk 0:48:16]} 19. Nxd5
{[%clk 0:30:26]} Rxd5 20. Qe2 {[%clk 0:29:06]} Rxd1+ {[%clk 0:46:22]} 21. Qxd1
{[%clk 0:28:48]} f5 {[%clk 0:46:05]} 22. b3 {[%clk 0:27:51]} Rh4 {[%clk 0:43:57]}
23. Bd2 f4 {[%clk 0:40:27]} 24. Nf1 {[%clk 0:19:49]} Bxh3 {[%clk 0:34:16]} 25. g3
{[%clk 0:19:48]} Qc6 {[%clk 0:30:58]} 26. f3 {[%clk 0:19:48]} Qc5+
{[%clk 0:29:35]} 27. Kh1 {[%clk 0:20:10]} Qf2 {[%clk 0:29:34]} 0-1

[Event "High League 2022 women"]
[Site "Obninsk"]
[Date "2022.07.02"]
[Round "6.19"]
[White "Afonasieva, Anna"]
[Black "Malysheva, Viktoriya"]
[Result "1-0"]
[LiveChessVersion "1.4.7"]
[BlackElo "1563"]
[WhiteElo "2232"]

1. d4 {[%clk 1:30:58]} Nf6 {[%clk 1:30:53]} 2. Nf3 {[%clk 1:31:24]} g6
{[%clk 1:31:18]} 3. g3 {[%clk 1:31:50]} Bg7 {[%clk 1:31:39]} 4. Bg2
{[%clk 1:32:16]} O-O {[%clk 1:31:56]} 5. O-O {[%clk 1:32:42]} d6 {[%clk 1:32:09]}
6. c4 {[%clk 1:33:08]} Nc6 {[%clk 1:32:29]} 7. Nc3 {[%clk 1:33:27]} a6
{[%clk 1:32:48]} 8. h3 {[%clk 1:33:40]} Rb8 {[%clk 1:31:26]} 9. e4
{[%clk 1:31:01]} b5 {[%clk 1:28:13]} 10. d5 {[%clk 1:30:25]} Na5 {[%clk 1:25:58]}
11. cxb5 {[%clk 1:30:33]} axb5 {[%clk 1:26:17]} 12. b4 {[%clk 1:30:41]} Nc4
{[%clk 1:26:01]} 13. Nd4 {[%clk 1:30:55]} Bd7 {[%clk 1:25:09]} 14. a4
{[%clk 1:31:11]} bxa4 {[%clk 1:24:17]} 15. b5 {[%clk 1:31:35]} e5
{[%clk 1:14:57]} 16. Nc6 {[%clk 1:25:00]} Bxc6 {[%clk 1:15:05]} 17. bxc6
{[%clk 1:25:25]} Rb3 {[%clk 1:11:33]} 18. Nxa4 {[%clk 1:22:35]} Qb8
{[%clk 1:11:11]} 19. Re1 {[%clk 1:04:24]} Qb4 {[%clk 1:05:51]} 20. Bf1
{[%clk 1:03:56]} Rb8 {[%clk 1:01:05]} 21. Re2 {[%clk 0:56:07]} h5
{[%clk 0:47:52]} 22. Rc2 {[%clk 0:33:53]} Na3 {[%clk 0:31:16]} 23. Bxa3
{[%clk 0:32:59]} Qxa4 {[%clk 0:26:14]} 24. Rc4 {[%clk 0:20:45]} Qb5
{[%clk 0:18:29]} 25. Bxd6 {[%clk 0:19:02]} cxd6 {[%clk 0:15:19]} 26. c7
{[%clk 0:19:21]} Qe8 {[%clk 0:13:43]} 27. Rac1 {[%clk 0:13:48]} Rxg3+
{[%clk 0:11:24]} 28. fxg3 {[%clk 0:14:14]} Rc8 {[%clk 0:11:47]} 29. Qa4
{[%clk 0:13:33]} Nd7 {[%clk 0:11:26]} 30. Rb4 {[%clk 0:12:26]} Qe7
{[%clk 0:10:26]} 31. Qa6 {[%clk 0:11:47]} Qf8 {[%clk 0:09:18]} 32. Qxc8
{[%clk 0:10:27]} Qxc8 {[%clk 0:09:30]} 33. Ba6 {[%clk 0:10:54]} Qxa6
{[%clk 0:09:32]} 34. c8=Q+ {[%clk 0:11:19]} Qxc8 {[%clk 0:09:56]} 35. Rxc8+
{[%clk 0:11:44]} Bf8 {[%clk 0:06:57]} 36. Rd8 {[%clk 0:11:59]} Nf6
{[%clk 0:07:18]} 37. Rbb8 {[%clk 0:12:19]} Nh7 {[%clk 0:07:42]} 38. Rxd6
{[%clk 0:12:41]} Kg7 {[%clk 0:07:55]} 39. Rc6 {[%clk 0:12:14]} Nf6
{[%clk 0:07:57]} 40. Rxf8 {[%clk 0:42:15]} Nxe4 {[%clk 0:37:53]} 41. Re8
{[%clk 0:42:36]} 1-0

[Event "High League 2022 women"]
[Site "Obninsk"]
[Date "2022.07.02"]
[Round "6.20"]
[White "Izbekova, Evdokia"]
[Black "Faizutdinova, Diana"]
[Result "1/2-1/2"]
[LiveChessVersion "1.4.7"]
[BlackElo "2023"]
[WhiteElo "1877"]

1. e4 {[%clk 1:30:59]} c5 {[%clk 1:30:55]} 2. Nf3 {[%clk 1:31:25]} Nf6
{[%clk 1:31:20]} 3. Nc3 {[%clk 1:30:51]} d6 {[%clk 1:30:39]} 4. d4
{[%clk 1:30:59]} cxd4 {[%clk 1:30:57]} 5. Nxd4 {[%clk 1:31:26]} Nc6
{[%clk 1:31:18]} 6. h3 {[%clk 1:29:07]} g6 {[%clk 1:30:56]} 7. Be3
{[%clk 1:27:35]} Bg7 {[%clk 1:30:26]} 8. Bc4 {[%clk 1:23:59]} Bd7
{[%clk 1:27:46]} 9. Bb3 {[%clk 1:22:20]} O-O {[%clk 1:21:46]} 10. Qd2 Nxd4
{[%clk 1:16:56]} 11. Bxd4 {[%clk 1:21:49]} b5 12. a3 {[%clk 1:11:25]} a5
{[%clk 1:11:14]} 13. O-O b4 {[%clk 1:03:27]} 14. axb4 {[%clk 1:11:28]} axb4
{[%clk 1:03:52]} 15. Rxa8 {[%clk 1:10:48]} Qxa8 16. Bxf6 {[%clk 0:57:47]} Bxf6
{[%clk 0:52:20]} 17. Nd5 Bxb2 18. Nxe7+ {[%clk 0:57:40]} Kg7 {[%clk 0:48:26]} 19.
Qxd6 {[%clk 0:28:49]} Bb5 20. Rb1 Bc3 {[%clk 0:29:50]} 21. Nd5 {[%clk 0:28:08]}
Qc6 22. Qf4 {[%clk 0:25:53]} f5 {[%clk 0:23:48]} 23. e5 Rd8 24. Nxc3
{[%clk 0:14:11]} Qxc3 {[%clk 0:19:44]} 25. Qg5 {[%clk 0:12:27]} Rd2
{[%clk 0:14:28]} 26. Qe7+ {[%clk 0:08:34]} Kh6 {[%clk 0:14:47]} 27. Bg8
{[%clk 0:08:34]} Qd4 {[%clk 0:10:51]} 28. Qxh7+ {[%clk 0:08:58]} Kg5
{[%clk 0:10:15]} 29. h4+ {[%clk 0:08:40]} Kf4 30. Qh6+ {[%clk 0:03:22]} Kxe5
{[%clk 0:09:44]} 31. Re1+ {[%clk 0:03:27]} Kd6 {[%clk 0:07:21]} 32. Qf8+
{[%clk 0:02:03]} Kc7 {[%clk 0:07:01]} 33. Re7+ {[%clk 0:01:51]} Bd7
{[%clk 0:06:51]} 34. Rxd7+ {[%clk 0:01:36]} Kxd7 {[%clk 0:05:14]} 35. Qf7+
{[%clk 0:01:57]} Kd8 {[%clk 0:05:25]} 36. Qf8+ {[%clk 0:02:10]} Kc7
{[%clk 0:05:05]} 37. Qf7+ {[%clk 0:02:33]} Kd8 {[%clk 0:04:00]} 38. Qf8+
{[%clk 0:02:51]} Kc7 {[%clk 0:04:27]} 39. Qf7+ {[%clk 0:03:17]} Kc6
{[%clk 0:03:43]} 40. Qxg6+ {[%clk 0:33:39]} Qd6 41. Qe8+ Kc7 42. g3 Rxc2 43. Qf7+
Qd7 44. h5 Qxf7 45. Bxf7 Kd6 46. h6 Rc8 47. h7 Rh8 48. Bg8 Ke5 49. Kg2 Ke4 50.
f3+ Ke5 51. Kf2 b3 52. Bxb3 Rxh7 53. Ke3 Ra7 54. Bc4 Kf6 55. Bd5 Kg5 56. Kf2 Ra5
57. Bc4 Rc5 58. Bd3 Ra5 59. Bc4 Ra3 60. Ke2 Rc3 61. Bd3 Rb3 62. Bc4 Rb2+ 63. Kf1
Kf6 64. f4 Rd2 65. Be2 Ke7 66. Kf2 Ra2 67. Ke3 Ra3+ 68. Kf2 Ra4 69. Ke3 Kf6 70.
Bf3 Ra1 71. Bc6 Ke6 72. Bf3 Ra3+ 73. Kf2 Ra4 74. Bc6 Rc4 75. Bg2 Kd6 76. Bh3 Ke6
77. Bg2 Rc2+ 78. Kf3 Rb2 79. Bf1 Kd5 80. Ke3 Rb3+ 81. Bd3 Ra3 82. Ke2 Kd4 83.
Bxf5 Rxg3 84. Kf2 Rc3 85. Be6 Ke4 86. f5 Ke5 87. Ke2 Ke4 88. Kd2 Rf3 89. Ke2 Rf4
90. Kd2 Rf3 91. Ke2 Rh3 92. Kd2 Rg3 93. Kc2 Kd4 94. Kb2 Rf3 95. Kc2 Rf2+ 96. Kb3
Re2 97. Bd7 Re7 98. Be6 Rc7 99. Ka4 Rb7 100. f6 Kc5 101. f7 Rb4+ 102. Ka3 Rf4
103. Kb2 Rf6 104. Kc2 Kd4 105. Kb2 Rf2+ 106. Ka3 Kc5 107. Kb3 Kd6 108. Bc4 Kc5
109. Be6 Rf4 110. Kc3 Rf3+ 111. Kc2 Kd4 112. Kb2 Rf1 113. Kc2 Rf2+ 114. Kb3 Rf6
115. Kc2 Rxf7 1/2-1/2

[Event "High League 2022 women"]
[Site "Obninsk"]
[Date "2022.07.02"]
[Round "6.21"]
[White "Abakarova, Amina"]
[Black "Chervyakova, Tatiana"]
[Result "1/2-1/2"]
[LiveChessVersion "1.4.7"]
[BlackElo "1641"]
[WhiteElo "1825"]

1. e4 {[%clk 1:30:58]} c5 {[%clk 1:30:55]} 2. Nf3 {[%clk 1:31:23]} Nc6
{[%clk 1:31:16]} 3. b3 {[%clk 1:31:49]} Nf6 {[%clk 1:31:27]} 4. e5
{[%clk 1:32:11]} Nd5 {[%clk 1:31:51]} 5. Bb2 {[%clk 1:32:34]} e6 {[%clk 1:32:06]}
6. g3 {[%clk 1:32:51]} Be7 {[%clk 1:32:26]} 7. Bg2 {[%clk 1:33:16]} O-O
{[%clk 1:32:48]} 8. O-O {[%clk 1:33:42]} b5 {[%clk 1:31:51]} 9. a4
{[%clk 1:31:36]} b4 {[%clk 1:29:18]} 10. d3 {[%clk 1:31:15]} f6 {[%clk 1:23:42]}
11. Nbd2 {[%clk 1:30:17]} fxe5 {[%clk 1:17:27]} 12. Nxe5 {[%clk 1:30:27]} Nxe5
{[%clk 1:16:59]} 13. Bxe5 {[%clk 1:30:49]} d6 {[%clk 1:14:18]} 14. Bb2
{[%clk 1:31:02]} Bf6 {[%clk 1:09:07]} 15. Bxf6 {[%clk 1:31:16]} Qxf6
{[%clk 1:07:55]} 16. Nc4 {[%clk 1:30:47]} Rd8 {[%clk 0:59:47]} 17. Qh5
{[%clk 1:19:59]} g6 {[%clk 0:56:00]} 18. Qh6 {[%clk 1:18:36]} Rb8
{[%clk 0:47:33]} 19. Ne3 {[%clk 1:12:48]} Nc3 {[%clk 0:35:45]} 20. Rae1
{[%clk 1:08:45]} Bb7 {[%clk 0:25:47]} 21. h4 {[%clk 1:07:21]} Bxg2
{[%clk 0:24:48]} 22. Kxg2 {[%clk 1:05:25]} Rf8 {[%clk 0:19:24]} 23. Qg5
{[%clk 0:51:45]} Qf3+ {[%clk 0:14:40]} 24. Kh2 {[%clk 0:51:58]} Rbe8
{[%clk 0:12:07]} 25. Ng4 {[%clk 0:48:52]} Kg7 {[%clk 0:10:29]} 26. Re3
{[%clk 0:39:17]} Qf5 {[%clk 0:09:29]} 27. Kg2 {[%clk 0:31:57]} Nd5
{[%clk 0:07:16]} 28. Ree1 {[%clk 0:29:25]} h5 {[%clk 0:03:57]} 29. Qh6+
{[%clk 0:26:36]} Kg8 {[%clk 0:04:06]} 30. Ne3 {[%clk 0:25:52]} Nxe3+
{[%clk 0:04:04]} 31. fxe3 {[%clk 0:25:31]} Qg4 {[%clk 0:03:18]} 32. Rf4
{[%clk 0:24:23]} Rxf4 {[%clk 0:03:09]} 33. Qxf4 {[%clk 0:22:26]} Qxf4
{[%clk 0:02:59]} 34. exf4 {[%clk 0:22:54]} Kf7 {[%clk 0:02:53]} 35. Kf3
{[%clk 0:22:39]} Kf6 {[%clk 0:03:00]} 36. Re4 {[%clk 0:20:24]} Rc8
{[%clk 0:02:25]} 37. Ke2 {[%clk 0:18:04]} Kf5 {[%clk 0:01:09]} 38. Kd2
{[%clk 0:16:38]} d5 {[%clk 0:00:48]} 39. Re5+ {[%clk 0:16:51]} Kf6
{[%clk 0:01:17]} 40. Kd1 {[%clk 0:41:22]} Rc6 {[%clk 0:31:15]} 41. Kd2
{[%clk 0:39:08]} Rc7 {[%clk 0:30:31]} 42. Re1 {[%clk 0:36:29]} Re7
{[%clk 0:29:10]} 43. Re5 {[%clk 0:29:06]} Rb7 {[%clk 0:27:58]} 44. Rg5
{[%clk 0:28:10]} Rg7 {[%clk 0:27:07]} 45. Ke3 {[%clk 0:28:12]} Rc7
{[%clk 0:26:56]} 46. Re5 {[%clk 0:25:54]} a6 {[%clk 0:24:35]} 47. Kf3
{[%clk 0:23:57]} c4 {[%clk 0:15:57]} 48. dxc4 {[%clk 0:22:39]} dxc4
{[%clk 0:15:34]} 49. bxc4 {[%clk 0:20:47]} Rxc4 {[%clk 0:15:59]} 50. Ra5
{[%clk 0:17:50]} Rxc2 {[%clk 0:15:34]} 51. Rxa6 {[%clk 0:18:03]} b3
{[%clk 0:11:34]} 52. Rb6 {[%clk 0:18:07]} Ra2 {[%clk 0:11:52]} 53. Rxb3
{[%clk 0:18:27]} Rxa4 {[%clk 0:12:20]} 54. Rb5 {[%clk 0:16:59]} Ra3+
{[%clk 0:12:38]} 55. Kg2 {[%clk 0:17:17]} Ra2+ {[%clk 0:13:05]} 56. Kh3
{[%clk 0:17:35]} Ra3 {[%clk 0:13:29]} 57. Rg5 {[%clk 0:15:13]} Rb3
{[%clk 0:13:56]} 58. Kg2 {[%clk 0:15:23]} Ra3 {[%clk 0:14:00]} 59. Kf2
{[%clk 0:15:25]} Rb3 {[%clk 0:14:20]} 60. Re5 {[%clk 0:12:59]} 1/2-1/2